|
|
|
|
| LEADER |
00000nab a2200000 a 4500 |
| 001 |
vtls000756548 |
| 003 |
SK-MaSNL |
| 005 |
20260303232148.0 |
| 008 |
140303c2001 xo 0 slo |
| 015 |
|
|
|a SNBRB2001/05-14815
|
| 035 |
|
|
|a CLN000108335
|
| 040 |
|
|
|a SNKBUCL
|b slo
|c SNKBUCL
|e AACR2
|
| 041 |
0 |
|
|a slo
|
| 044 |
|
|
|a xo
|c SK
|
| 080 |
|
|
|a 616.1/.4(048)
|2 1997
|
| 100 |
1 |
|
|a Pohronec, Juraj
|4 aut
|9 901757
|
| 245 |
1 |
0 |
|a Vyšli Princípy internej medicíny
|c Juraj Pohronec
|
| 300 |
|
|
|b Fotogr.
|
| 650 |
0 |
7 |
|a interná medicína
|2 snkbucl
|9 905
|
| 655 |
|
7 |
|a články z novín a časopisov
|2 snkbucl
|9 267496
|
| 655 |
|
7 |
|a recenzie
|2 snkbucl
|9 21907
|
| 773 |
0 |
|
|t Zdravotnícke noviny
|g Roč. 6, č. 16 (2001)
|x 1335-4477
|
| 773 |
0 |
|
|t [Príl.] Lekárske listy
|g Č. 16 (2001), s. 3
|x 1335-4477
|
| 787 |
0 |
8 |
|i Rec.:
|a Ďuriš, Ivan
|t Princípy internej medicíny
|d Bratislava : Slovac Academic Press, 2001
|z 8088908698
|
| 850 |
|
|
|a Slovenská národná knižnica v Martine
|
| 852 |
|
|
|a SNK
|b KIS3GCP
|
| 958 |
|
|
|a MI
|
| 958 |
|
|
|a RC
|
| 992 |
|
|
|a RBX
|
| 999 |
|
|
|c 2270417
|d 2272347
|